Detalles MARC
| 000 -Cabecera |
| Campo de control de longitud fija |
01865ntm a22005897a 4500 |
| 005 - Fecha y hora de la última transacción |
| Campo de control |
20250523150209.0 |
| 008 - Elementos de longitud fija--Información general |
| Campo de control de longitud fija |
210625b2009 xxu||||| |||| 00| 0 spa d |
| 020 ## - International Standard Book Number |
| Número Internacional Estándar del Libro (ISBN) |
9789587785623 |
| 041 ## - Idioma |
| Código de idioma |
|
| 082 ## - Clasificación Decimal Dewey |
| Número de clasificación |
658.401.2 T196f5 |
| 100 ## - Entrada principal--Autor personal |
| Nombre personal |
Tarziján, Jorge |
| 9 (RLIN) |
23957 |
| 245 ## - Título propiamente dicho |
| Título |
Fundamentos de estrategia empresarial |
| 250 ## - Edición |
| Mención de edición |
5 edición |
| 260 ## - Pie de imprenta |
| Lugar de publicación, distribución, etc. |
Colombia |
| 260 ## - Pie de imprenta |
| Nombre del editor, distribuidor, etc. |
Alfaomega |
| 260 ## - Pie de imprenta |
| Fecha de publicación, distribución, etc. |
2019 |
| 300 ## - Descripción física |
| Extensión |
707 páginas |
| 650 ## - Materia general |
| Temática (materia general) |
PLANIFICACIÓN Y ELABORACIÓN DE POLÍTICAS |
| 650 ## - Materia general |
| Temática (materia general) |
ESTRATEGIA EMPRESARIAL |
| 650 ## - Materia general |
| Temática (materia general) |
ADMINISTRACIÓN ESTRATEGICA |
| 650 ## - Materia general |
| Temática (materia general) |
PROCESO DE FORMULACIÓN DE LA ESTRATEGIA |
| 650 ## - Materia general |
| Temática (materia general) |
VALORES Y ÉTICA EN LOS NEGOCIOS |
| 650 ## - Materia general |
| Temática (materia general) |
RENTABILIDAD EMPRESARIAL |
| 650 ## - Materia general |
| Temática (materia general) |
ESTRATEGIA COMPETITIVA |
| 650 ## - Materia general |
| Temática (materia general) |
MODELO DE LAS CINCO FUERZAS |
| 650 ## - Materia general |
| Temática (materia general) |
EVALUACIÓN DEL ENTORNO COMPETITIVO DE UNA EMPRESA |
| 650 ## - Materia general |
| Temática (materia general) |
VENTAJA COMPETITIVA |
| 650 ## - Materia general |
| Temática (materia general) |
RELACIÓN ENTRE PRECIO Y COSTO |
| 650 ## - Materia general |
| Temática (materia general) |
ESTRATEGIAS GENÉRICAS |
| 650 ## - Materia general |
| Temática (materia general) |
CADENA DE VALOR |
| 650 ## - Materia general |
| Temática (materia general) |
RENTABILIDAD EMPRESARIAL |
| 650 ## - Materia general |
| Temática (materia general) |
MODELO DE NEGOCIOS |
| 650 ## - Materia general |
| Temática (materia general) |
ESTARTEGIA CORPORATIVA |
| 650 ## - Materia general |
| Temática (materia general) |
LÍMITES HORIZONTALES |
| 650 ## - Materia general |
| Temática (materia general) |
LÍMITES VERTICALES |
| 650 ## - Materia general |
| Temática (materia general) |
AMENAZAS A LA SUSTENTACIÓN |
| 650 ## - Materia general |
| Temática (materia general) |
EVALUACIÓN EMPÍRICA DE LA SUSTENTACIÓN |
| 650 ## - Materia general |
| Temática (materia general) |
MODELO DE NEGOCIOS |
| 650 ## - Materia general |
| Temática (materia general) |
ALIANZAS |
| 650 ## - Materia general |
| Temática (materia general) |
PLATAFORMAS Y ESTRATEGIAS DE PRECIOS |
| 650 ## - Materia general |
| Temática (materia general) |
FRANQUICIAS |
| 650 ## - Materia general |
| Temática (materia general) |
DIVERSIFICACIÓN EMPRESARIAL |
| 650 ## - Materia general |
| Temática (materia general) |
SEGMENTACIÓN DE LOS MERCADOS DE CAPITALES |
| 650 ## - Materia general |
| Temática (materia general) |
REESTRUCTURACIÓNES CORPORALES |
| 650 ## - Materia general |
| Temática (materia general) |
RESTRICCIONES VERTICALES |
| 650 ## - Materia general |
| Temática (materia general) |
ALIANZAS ESTRATÉGICAS |
| 650 ## - Materia general |
| Temática (materia general) |
EVALUACIÓN DE DESEMPEÑO |
| 650 ## - Materia general |
| Temática (materia general) |
ESTRUCTURA INTERNA |
| 650 ## - Materia general |
| Temática (materia general) |
SUSTENTABILIDAD EMPRESARIAL |
| 942 ## - Punto de acceso adicional KOHA |
| Tipo de ítem KOHA |
Libro |
| Fuente del sistema de clasificación o colocación |
Dewey Decimal Classification |